Verbreitung der chinesischen Sprache - Statistiken

Allgemein
  • Dieses Quiz wurde 183 mal gespielt
  • Das Durchschnittsergebnis liegt bei 12 aus 15
Antwortstatistiken
Platz Land Anteil Anzahl % Korrekt
1. China 92% 1.289.943.000
99%
12. Japan 0,2% 252.000
94%
4. Vereinigte Staaten 0,9% 2.965.000
89%
8. Vietnam 1,4% 1.636.000
89%
2. Taiwan 87,5% 20.626.000
88%
14. Südkorea 0,1% 52.000
87%
3. Thailand 12,3% 8.585.000
83%
11. Kanada 1,2% 456.000
79%
5. Singapur 50,8% 2.888.000
79%
9. Australien 2,8% 719.000
74%
6. Malaysia 7,4% 2.395.000
74%
10. Kambodscha 3,1% 518.000
67%
7. Philippinen 1,9% 2.082.000
65%
13. Neuseeland 2,2% 112.000
58%
15. Brunei 9,3% 41.000
55%
Keine übereinstimmenden Quizze gefunden
Verteilung der Resultate
Anzahl Personen mit jedem Resultat
Perzentil nach korrekt beantworteten Fragen
Ihre Resultats-Entwicklung
Sie haben dieses Quiz noch nicht gespielt